000 00690nam a2200217Ia 4500
003 GCL
008 140319s9999 xx 000 0 ara d
040 _aGCL /
_cGCL
082 0 4 _a910.3
_bس ب
100 1 _aسوفنير بوك هاوس
245 1 0 _aبلدان الشرق الاوسط والخليج العربى /
_cسوفنير بوك هاوس
260 _a[S.N] :
_bسوفنير بوك هاوس
300 _a103 ص
490 _aموسوعة عالم البلدان (1)
_v0
650 0 4 _aالشرق الاوسط
650 0 4 _aالخليج العربى
650 0 4 _aالجغرافيا
650 0 4 _aالسكان
650 0 4 _aتقاويم البلدان
942 _2ddc
_cBK
999 _c33040
_d33040